Multiple comparisons : theory and methods

Αποθηκεύτηκε σε:
Λεπτομέρειες βιβλιογραφικής εγγραφής
Κύριος συγγραφέας: Usu, J. C.
Μορφή: Βιβλίο
Γλώσσα:English
Δημοσίευση: London : Chapman and Hall, c1996
Θέματα:
Ετικέτες: Προσθήκη ετικέτας
Δεν υπάρχουν, Καταχωρήστε ετικέτα πρώτοι!

MARC

LEADER 00000nam a2200000 i 4500
001 1/96235
008 991215s1996 eng d
020 |a 0412982811 
035 |l 10055679 
040 |a GR-MY-UA  |b gre  |e aacr 
041 0 |a eng 
082 0 |a 519.5 
100 1 |a Usu, J. C. 
245 1 0 |a Multiple comparisons :  |b theory and methods /  |c Jason C. Hsu 
260 |a London :   |b Chapman and Hall,   |c c1996 
300 |a 277 p.  |b fig. 
504 |a Includes bibliographical references and index 
650 0 0 |a Multiple comparisons (Statistics) 
852 |a INST  |b LESVOS  |e 19991215  |h 519.5 HSU  |p 005100022258  |q 005100022258  |t BK  |y 0 
901 |a BIBL1-2000-1 
909 |a Λ  |b 066900 
922 |a 1ΕΛΗ  |b 199907  |c ΚΠΣ/ΤΠ  |d ΠΑΠΑΣΩΤΗΡΙΟΥ 
950 |a 107-1998-07-18 
970 |z 2000/05/ΟΙΚΟΝΟΜΟΠΟΥΛΟΥ ΧΡΙΣΤΙΝΑ 
970 |a ΤΖΑΦΕΡΗ  |b ΕΥΑΓΓΕΛΙΑ  |z 2000/01/14